000 00349nam a2200133Ia 4500
008 240624s9999 xx 000 0 und d
041 _aeng
082 _a338.740973 TED
100 _aTEDLOW RICHARD S
245 _aRISE OF THE AMERICAN BUSINESS CORPORATIO
260 _c2013
_aCorporation
_bTaylor & Francis
300 _a84 : p.
365 _cGBP
_b30
999 _c24402
_d24402